000 00350nam a2200133Ia 4500
008 210430s9999 xx 000 0 und d
020 _a0-09-9780830-2
082 _a133.54042 S9591A
100 _aArrow Books Limited
_9128940
245 _a1991 Super Horoscope /
260 _aLondon
_bArrow Book Limited
_c1990
300 _a252
942 _cBK
_2ddc
999 _c565214
_d565214